Ľudský činiteľ a riadenie vnútorného obchodu
Uložené v:
| Hlavný autor: | |
|---|---|
| Médium: | Kniha |
| Jazyk: | Slovak |
| Vydavateľské údaje: |
Bratislava
Práca
1988
|
| Vydanie: | 1. vyd. |
| Edícia: | Knižnica ekonomiky práce a priemyslu
Zv.4/88 |
| Tagy: |
Žiadne tagy, Buďte prvý, kto otaguje tento záznam!
|
MARC
| LEADER | 00000nam a2200000 4500 | ||
|---|---|---|---|
| 001 | c033311 | ||
| 005 | 20221219091745.8 | ||
| 041 | 0 | |a slo | |
| 044 | |a SK | ||
| 245 | 1 | 0 | |a Ľudský činiteľ a riadenie vnútorného obchodu |c Dušan Tomko |
| 250 | |a 1. vyd. | ||
| 264 | 1 | |a Bratislava |b Práca |c 1988 | |
| 300 | |a 119 s. | ||
| 490 | 1 | |a Knižnica ekonomiky práce a priemyslu |v Zv.4/88 | |
| 830 | 0 | |a Knižnica ekonomiky práce a priemyslu |v Zv.4/88 | |
| 100 | 1 | |a Tomko, Dušan | |